Cómo se aumentan las ganancias dominando las enfermedades de las plantas / (Record no. 9754)

MARC details
000 -CABECERA
campo de control de longitud fija 00703nam a2200217 a 4500
005 - FECHA Y HORA DE LA ÚLTIMA TRANSACCIÓN
campo de control 20210223120947.0
008 - ELEMENTOS DE LONGITUD FIJA--INFORMACIÓN GENERAL
campo de control de longitud fija 991125s1927 ea 000 0 spa u
035 ## - NÚMERO DE CONTROL DEL SISTEMA
Número de control de sistema UPN01000009754
049 ## - COLECCIÓN
Colección CE
050 #4 - SIGNATURA TOPOGRÁFICA DE LA BIBLIOTECA DEL CONGRESO
Número de clasificación S21 A6
Número de documento/Ítem M4.28
100 1# - ASIENTO PRINCIPAL--NOMBRE PERSONAL
Nombre de persona Meier, F. C.
245 10 - MENCIÓN DE TÍTULO
Título Cómo se aumentan las ganancias dominando las enfermedades de las plantas /
Mención de responsabilidad, etc. F. C. Meier.
260 ## - PUBLICACIÓN, DISTRIBUCIÓN, ETC.
Lugar de publicación, distribución, etc. Washington, D.C. :
Nombre del editor, distribuidor, etc. Unión Panamericana,
Fecha de publicación, distribución, etc. 1927.
300 ## - DESCRIPCIÓN FÍSICA
Extensión 17 p.
440 #0 - MENCIÓN DE SERIE/ASIENTO SECUNDARIO--TÍTULO
Título Agricultura ;
Designación de volumen o secuencia 28
500 ## - NOTA GENERAL
Nota general "Del Boletín de la Unión Panamericana"
500 ## - NOTA GENERAL
Nota general Disponible en la Colección Medina
650 #4 - ASIENTO SECUNDARIO DE MATERIA - TERMINO TEMATICO
Término de materia o nombre geográfico como elemento de entrada AGRICULTURA -
Subdivisión general ASPECTOS ECONOMICOS
9 (RLIN) 1846
650 #4 - ASIENTO SECUNDARIO DE MATERIA - TERMINO TEMATICO
Término de materia o nombre geográfico como elemento de entrada PLANTAS -
Subdivisión general ENFERMEDADES
9 (RLIN) 1350
905 ## - TIPO DE MATERIAL
Tipo de material Libro
Holdings
Estado de retiro Estado de pérdida Fuente del sistema de clasificación o colocación Estado dañado No para préstamo Código de colección Localización permanente Ubicación/localización actual Ubicación en estantería Fecha de adquisición Clasificación Código de barras Fecha visto por última vez Número de copia Tipo de ítem Koha
    Library of Congress Classification   Disponible (Préstamo en sala) Colección Medina Bib. Gregorio Torres Quintero Bib. Gregorio Torres Quintero Colecciones especiales Planta alta 30/01/2023 S21 A6 M4.28 19488F 31/12/2020 1 Libro